Online
Catalog

Economía con sinceridad / (Record no. 23849)

MARC details
000 -CABECERA
campo de control de longitud fija 00687nam a2200205 a 4500
001 - NÚMERO DE CONTROL
campo de control 000024356
005 - FECHA Y HORA DE LA ÚLTIMA TRANSACCIÓN
campo de control 20200930022936.0
008 - DATOS DE LONGITUD FIJA--INFORMACIÓN GENERAL
campo de control de longitud fija 110126s1984 mx r 000 0 spa d
020 ## - NÚMERO INTERNACIONAL ESTÁNDAR DEL LIBRO
Número Internacional Estándar del Libro 684583427
040 ## - FUENTE DE LA CATALOGACIÓN
Centro catalogador/agencia de origen DO-SdBNP
Lengua de catalogación spa
Centro/agencia transcriptor BNPHU
082 ## - NÚMERO DE LA CLASIFICACIÓN DECIMAL DEWEY
Número de clasificación xxxxx
Número de documento/Ítem S193e
049 ## - FONDOS LOCALES (OCLC)
Fondos de biblioteca BNGR
100 1# - ENTRADA PRINCIPAL--NOMBRE DE PERSONA
Nombre de persona Samuelson, Paul A.
Forma completa/desarrollada del nombre (Paul Anthony Samuelson),
Fechas asociadas al nombre 1915-
9 (RLIN) 5551
245 10 - MENCIÓN DE TÍTULO
Título Economía con sinceridad /
Mención de responsabilidad, etc. Paul Samuelson ; traducción Margarita Álvarez Franco.
260 ## - PUBLICACIÓN, DISTRIBUCIÓN, ETC.
Lugar de publicación, distribución, etc. México, D. F. :
Nombre del editor, distribuidor, etc. Lasser Press Mexicana,
Fecha de publicación, distribución, etc. 1984.
300 ## - DESCRIPCIÓN FÍSICA
Extensión 273 p. ;
Dimensiones 20.5 cm.
534 ## - NOTA SOBRE LA VERSIÓN ORIGINAL
Encabezamiento principal del original Economics from the heart
586 ## - NOTA DE PREMIOS
Nota de premios Premio Nóbel de Economía.
700 1# - PUNTO DE ACCESO ADICIONAL--NOMBRE DE PERSONA
Nombre de persona Álvarez Franco, Margarita,
Término indicativo de función/relación tr.
9 (RLIN) 12553
Holdings
Estado de retiro Estado de pérdida Restricciones de uso No para préstamo Código de colección Localización permanente Ubicación/localización actual Ubicación en estantería Fecha de adquisición Número de inventario Total de préstamos Signatura topográfica completa Código de barras Fecha visto por última vez Precio válido a partir de Tipo de ítem Koha
        Monografías: Libros y Folletos General General En catalogación 26.01.2011 LF1   xxxxx S193e 24356-10 25.06.2020 25.06.2020 Préstamo en sala

Powered by Koha